[Event "Vestlandsserien avd. nord 2018-19"]
[Site "Hordaland/Sogn og Fjordane"]
[Date "2018.11.04"]
[Round "1"]
[White "Solli, Jarle"]
[Black "Riisem, Øyvind"]
[Result "0-1"]
[WhiteElo "1733"]
[BlackElo "2240"]
[PlyCount "84"]
[EventDate "2018.??.??"]

1. e4 g6 2. c3 Bg7 3. d4 d6 4. Nf3 Nd7 5. Na3 Ngf6 6. Bd3 O-O 7. O-O e5 8. h3
a6 9. Be3 Qe7 10. Re1 Re8 11. Qd2 Qf8 12. Qc2 b5 13. Nb1 Bb7 14. Nbd2 exd4 15.
cxd4 c5 16. d5 c4 17. Bf1 Rac8 18. Bd4 Nc5 19. Nh2 Re7 20. f3 Nh5 21. Qc3 Rce8
22. Bxg7 Qxg7 23. Qxg7+ Kxg7 24. Kf2 Nf4 25. Kg3 Nxd5 26. Bxc4 bxc4 27. Nxc4
Nf6 28. Nxd6 Nh5+ 29. Kh4 Rd8 30. Rad1 Red7 31. e5 Nf4 32. Kg3 Ncd3 33. Nxb7
Nh5+ 34. Kh4 Nxe1 35. Rxe1 Rxb7 36. g4 Nf4 37. Re4 h6 38. Kg3 g5 39. Nf1 Rxb2
40. Ne3 Rd1 41. Nf5+ Kf8 42. Rxf4 Rg1#
0-1

[Event "Vestlandsserien avd. nord 2018-19"]
[Site "Hordaland/Sogn og Fjordane"]
[Date "2018.11.04"]
[Round "1"]
[White "Lie, Terje"]
[Black "Brattetveit, Kenneth"]
[Result "0-1"]
[WhiteElo "1534"]
[BlackElo "1869"]
[PlyCount "50"]
[EventDate "2018.??.??"]

1. d4 e6 2. c4 f5 3. e3 Nf6 4. Nf3 d5 5. Nc3 c6 6. Qc2 Bd6 7. c5 Bc7 8. Ne5
Nbd7 9. Nxd7 Bxd7 10. b4 e5 11. dxe5 Bxe5 12. Bb2 O-O 13. Ne2 Qe7 14. Bxe5 Qxe5
15. Qc3 Qe7 16. Nf4 Ne4 17. Qd4 a5 18. a3 axb4 19. axb4 Rxa1+ 20. Qxa1 b6 21.
Nd3 bxc5 22. bxc5 Re8 23. g3 Nxc5 24. Nxc5 Qxc5 25. Qd4 Qxd4
0-1

[Event "Vestlandsserien avd. nord 2018-19"]
[Site "Hordaland/Sogn og Fjordane"]
[Date "2018.11.04"]
[Round "1"]
[White "Madsen, Morten L"]
[Black "Watkins, Christian"]
[Result "1-0"]
[WhiteElo "1850"]
[BlackElo "1490"]
[PlyCount "73"]
[EventDate "2018.??.??"]

1. e4 d6 2. d4 Nf6 3. Bd3 g6 4. Ne2 Bg7 5. O-O O-O 6. h3 Nbd7 7. f4 e5 8. fxe5
dxe5 9. d5 c6 10. c4 Nc5 11. Nbc3 Bd7 12. Be3 Qe7 13. Bc2 Na6 14. a3 Ne8 15.
Qd2 Rc8 16. Bxa7 f5 17. Rad1 f4 18. Bb6 Qh4 19. Rf3 g5 20. Ba4 Rf6 21. dxc6
Bxc6 22. Bxc6 Rfxc6 23. Bf2 Qh5 24. Qd5+ Kh8 25. b3 g4 26. Rxf4 Rh6 27. Rf5 Qg6
28. h4 Nf6 29. Qxb7 Rg8 30. Qxa6 Qe8 31. Qb7 g3 32. Bxg3 Nd7 33. Qxd7 Qg6 34.
Rg5 Qb6+ 35. Kh1 Qe3 36. Qxg7+ Rxg7 37. Rd8+
1-0

[Event "Vestlandsserien avd. nord 2018-19"]
[Site "Hordaland/Sogn og Fjordane"]
[Date "2018.11.04"]
[Round "1"]
[White "Mork, Kjell Arne"]
[Black "Rasmussen, Jonas H"]
[Result "1-0"]
[WhiteElo "2293"]
[BlackElo "1950"]
[PlyCount "117"]
[EventDate "2018.??.??"]

1. e4 e5 2. Nf3 Nc6 3. Bb5 f5 4. Nc3 fxe4 5. Nxe4 Nf6 6. Nxf6+ Qxf6 7. Qe2 Be7
8. Bxc6 dxc6 9. Nxe5 O-O 10. d4 Bd6 11. f4 Bxe5 12. dxe5 Qf5 13. Be3 Be6 14.
O-O a6 15. Rad1 Rfd8 16. Rxd8+ Rxd8 17. Rd1 Rxd1+ 18. Qxd1 Bd5 19. b3 Qe4 20.
Qe2 b5 21. h3 h6 22. Kh2 Kf7 23. Qf2 h5 24. Bd4 g6 25. Ba7 Ke6 26. Bc5 Kf5 27.
Be3 Ke6 28. c3 Kf5 29. Qg3 Ke6 30. Bc5 Qf5 31. Bb4 Kd7 32. Bc5 Ke6 33. Qh4 Kd7
34. Qe7+ Kc8 35. Qf8+ Qxf8 36. Bxf8 Kd7 37. g4 hxg4 38. hxg4 Ke6 39. Kg3 Be4
40. Kf2 Bb1 41. a3 a5 42. Kg3 Bc2 43. b4 axb4 44. axb4 Be4 45. Kh4 Bc2 46. Kg5
Bd3 47. Bc5 Be2 48. Ba7 Bd3 49. Bb8 Bc2 50. Bxc7 Bd3 51. Bb6 Bc2 52. Bd4 Bd3
53. Kh6 Kf7 54. f5 gxf5 55. g5 Bc4 56. Kh7 Kf8 57. g6 Bg8+ 58. Kh8 f4 59. Bc5+
1-0

[Event "Vestlandsserien avd. nord 2018-19"]
[Site "Hordaland/Sogn og Fjordane"]
[Date "2018.11.04"]
[Round "1"]
[White "Ayzenberg, Alena"]
[Black "Manne, Per Erik"]
[Result "1/2-1/2"]
[WhiteElo "1906"]
[BlackElo "2155"]
[PlyCount "128"]
[EventDate "2018.??.??"]

1. d4 Nf6 2. c4 g6 3. Nc3 Bg7 4. e4 d6 5. Nf3 O-O 6. Be2 Nbd7 7. O-O e5 8. Be3
exd4 9. Nxd4 Re8 10. f3 Nc5 11. Qd2 a5 12. Ndb5 Qe7 13. Rad1 Be6 14. Bg5 Rac8
15. Rfe1 Qf8 16. Nd5 Bxd5 17. cxd5 b6 18. Na7 Ra8 19. Nc6 Nfd7 20. Bb5 Bf6 21.
Bxf6 Nxf6 22. e5 dxe5 23. Nxe5 Red8 24. Bc6 Rab8 25. Qc3 h5 26. Nc4 Nfd7 27. d6
cxd6 28. Nxd6 Ne6 29. Bxd7 Rxd7 30. Ne4 Rxd1 31. Nf6+ Kh8 32. Rxd1 Qc5+ 33.
Qxc5 Nxc5 34. Rd6 Kg7 35. Nd5 b5 36. Rc6 Nd3 37. Ra6 a4 38. Nc3 Nxb2 39. Ra5
Rc8 40. Rxb5 Nd3 41. Ne2 Rc2 42. Rd5 Nb4 43. Rb5 Nxa2 44. Nd4 Rd2 45. Nc6 Nc1
46. Ra5 Nd3 47. h4 Rc2 48. Nd8 Rc8 49. Nb7 Rc4 50. g3 Kf6 51. Nd6 Rc1+ 52. Kg2
Rc2+ 53. Kg1 Nc5 54. Rxc5 Rxc5 55. Ne4+ Ke5 56. Nxc5 a3 57. Nb3 Kd5 58. Nc1 Kc4
59. Kf2 Kc3 60. Ke2 Kc2 61. Nd3 Kc3 62. Nc1 Kc2 63. Nd3 Kc3 64. Nc1 Kc2
1/2-1/2

[Event "Vestlandsserien avd. nord 2018-19"]
[Site "Hordaland/Sogn og Fjordane"]
[Date "2018.11.04"]
[Round "1"]
[White "Moe-Nilssen, Nils Erik"]
[Black "Larsen, Stig Børje"]
[Result "1-0"]
[WhiteElo "2090"]
[BlackElo "1834"]
[PlyCount "75"]
[EventDate "2018.??.??"]

1. e4 g6 2. d4 Bg7 3. Nc3 c5 4. Nf3 cxd4 5. Nxd4 Nc6 6. Be3 Nf6 7. Nxc6 bxc6 8.
e5 Ng8 9. Bd4 c5 10. Bxc5 Qc7 11. Bd4 Bxe5 12. f4 Bf6 13. Qd2 Bxd4 14. Qxd4 Nf6
15. O-O-O O-O 16. f5 g5 17. h4 Qf4+ 18. Qxf4 gxf4 19. Rd4 Nh5 20. Be2 Ng7 21.
Re1 Nxf5 22. Rxf4 e6 23. Bd3 Ne7 24. Ne4 f5 25. Nd6 Nd5 26. Ra4 a5 27. Re5 Ba6
28. Bxf5 Kh8 29. Rxa5 Nb4 30. Be4 Rf1+ 31. Kd2 Nd5 32. Bd3 Rf2+ 33. Ke1 Rxg2
34. Rxa6 Rf8 35. Rg5 Rgf2 36. Ra8 Nb4 37. Rxf8+ Rxf8 38. Be4
1-0

[Event "Vestlandsserien avd. nord 2018-19"]
[Site "Hordaland/Sogn og Fjordane"]
[Date "2018.11.04"]
[Round "1"]
[White "Tufta, Jon Gunnar"]
[Black "Kvamme, John A"]
[Result "0-1"]
[WhiteElo "1812"]
[BlackElo "2068"]
[PlyCount "62"]
[EventDate "2018.??.??"]

1. e4 c5 2. Nc3 Nc6 3. Nf3 g6 4. Bc4 Bg7 5. O-O Nf6 6. a3 O-O 7. d3 d6 8. h3 a6
9. Bg5 b5 10. Ba2 h6 11. Bxf6 Bxf6 12. Qc1 Kh7 13. Nd5 Bg7 14. c3 Bb7 15. Qc2
Rc8 16. Nd2 e6 17. Ne3 Qb6 18. Kh2 Ne7 19. f4 c4 20. d4 e5 21. f5 exd4 22. f6
d3 23. Ndxc4 bxc4 24. Nxc4 Rxc4 25. fxe7 dxc2 26. exf8=N+ Bxf8 27. Rxf7+ Bg7
28. Bxc4 Qe3 29. Raf1 Qxe4 30. Rxg7+ Kxg7 31. Rf7+ Kg8
0-1

[Event "Vestlandsserien avd. nord 2018-19"]
[Site "Hordaland/Sogn og Fjordane"]
[Date "2018.11.04"]
[Round "1"]
[White "Brekke, Tore"]
[Black "Mork, Ramona"]
[Result "1/2-1/2"]
[WhiteElo "1981"]
[BlackElo "1749"]
[PlyCount "90"]
[EventDate "2018.??.??"]

1. e4 c6 2. d4 d5 3. e5 c5 4. c3 Nc6 5. Ne2 Bg4 6. f3 Bf5 7. Ng3 Bxb1 8. Rxb1
e6 9. Bb5 Qc7 10. O-O Nge7 11. Be3 a6 12. Bd3 h5 13. f4 h4 14. Ne2 c4 15. Bc2
Nf5 16. Bf2 b5 17. b3 Na5 18. b4 Nc6 19. g4 hxg3 20. hxg3 Be7 21. Kg2 Kd7 22.
Rh1 Qd8 23. g4 Rxh1 24. Qxh1 Nh6 25. Qh3 Kc7 26. Qh5 Qf8 27. f5 exf5 28. gxf5
Re8 29. Nf4 Rd8 30. e6 g6 31. fxg6 fxg6 32. Nxg6 Qg7 33. Be3 Ng8 34. Rf1 Nf6
35. Bg5 Nxh5 36. Rf7 Qxg6 37. Bxg6 Kd6 38. Bxe7+ Nxe7 39. Bxh5 Kxe6 40. Rh7
Rg8+ 41. Kf2 Ra8 42. Bg4+ Kd6 43. Rh6+ Kc7 44. Rh7 Kd6 45. Rh6+ Kc7
1/2-1/2

[Event "Vestlandsserien avd. nord 2018-19"]
[Site "Hordaland/Sogn og Fjordane"]
[Date "2018.11.04"]
[Round "2"]
[White "Ayzenberg, Alena"]
[Black "Haugsdal, Arn-Tore"]
[Result "1-0"]
[WhiteElo "1906"]
[BlackElo "1965"]

1. d4 Nf6 2. c4 e5 3. dxe5 Ng4 4. Bf4 Nc6 5. Nf3 Bb4+ 6. Nc3 Qe7 7. Qd5 b6 8.
e6 O-O 9. exf7+ Kh8 10. h3 Nf6 11. Qd3 Ne4 12. Bd2 Nxd2 13. Qxd2 Qxf7 14. a3
Bd6 15. e3 Ne5 16. Ng5 Qf5 17. f4 Be7 18. Nge4 Bb7 19. Qd4 Bh4+ 20. Kd2 Rae8
21. fxe5 c5 22. Qd3 Qxe5 23. Nd6 Bxg2 24. Bxg2 Rf2+ 25. Kc1 Re6 26. Rd1 Rxg2
27. Nf7+
1-0

[Event "Vestlandsserien avd. nord 2018-19"]
[Site "Hordaland/Sogn og Fjordane"]
[Date "2018.11.04"]
[Round "2"]
[White "Agustsson, Hafsteinn"]
[Black "Hellesøy, Anton"]
[Result "1/2-1/2"]
[WhiteElo "1842"]
[BlackElo "1602"]

1. e4 Nf6 2. e5 Nd5 3. d4 d6 4. exd6 cxd6 5. c4 Nb6 6. Nc3 g6 7. Be3 Bg7 8. Nf3
Nc6 9. Be2 O-O 10. Qd2 d5 11. b3 a5 12. c5 Nd7 13. Rc1 Nf6 14. Bh6 Ne4 15. Qe3
Nxc3 16. Rxc3 a4 17. Bxg7 Kxg7 18. O-O axb3 19. axb3 Ra2 20. Bd1 Bf5 21. Re1 e6
22. h3 Qa5 23. g4 Be4 24. Nd2 e5 25. dxe5 d4 26. Qxe4 dxc3 27. Nc4 Qxc5 28. Qf4
Nd4 29. Nd6 Ne6 30. Qf6+ Kg8 31. Ne4 Qd4 32. Qh4 f6 33. Nxf6+ Rxf6 34. exf6 g5
35. f7+ Kxf7 36. Qxh7+ Ng7 37. Bc2 Qf6 38. b4 Rb2 39. Bf5 c2 40. Bxc2 Rxb4 41.
Bf5 Rb6 42. Bd7 Qh6 43. Be8+ Kf8 44. Qe4 Re6 45. Qb4+ Kxe8 46. Rxe6+ Nxe6 47.
Qd6 Kf7 48. Qd7+ Kf6 49. Qxb7 Qxh3
1/2-1/2

[Event "Vestlandsserien avd. nord 2018-19"]
[Site "Hordaland/Sogn og Fjordane"]
[Date "2018.11.04"]
[Round "2"]
[White "Birkestrand, Odd"]
[Black "Aagedal, Geir Ole"]
[Result "0-1"]
[WhiteElo "1698"]
[BlackElo "1735"]

1. e4 c5 2. c3 g6 3. Nf3 Bg7 4. d4 cxd4 5. cxd4 d6 6. Be2 Nf6 7. Nc3 O-O 8. O-O
Bd7 9. h3 Nc6 10. Be3 a6 11. Rc1 b5 12. d5 Na5 13. b4 Nc4 14. Bd4 e5 15. dxe6
fxe6 16. Bxc4 bxc4 17. Bxf6 Rxf6 18. Qxd6 Bf8 19. Qd4 Rxf3 20. gxf3 Qg5+ 21.
Kh1 Qf4 22. Qe3 Qh4 23. f4 Bxb4 24. Qg3 Qf6 25. e5 Bc6+ 26. Kh2 Qf7 27. Rfd1
Rb8 28. Qe3 Qf5 29. Rb1 Qf8 30. Ne4 Bxe4 31. Qxe4 Qc5 32. Kg2 Rf8 33. Rdc1 Bd2
34. Rxc4 Qe7 35. Qf3 g5 36. Rb7 Qd8 37. Qg4 Qd5+ 38. f3 Qxb7 39. fxg5 Rf5 40.
Qh5 Rxg5+
0-1

[Event "Vestlandsserien avd. nord 2018-19"]
[Site "Hordaland/Sogn og Fjordane"]
[Date "2018.11.04"]
[Round "2"]
[White "Martinsen, Stig K"]
[Black "Fossan, Andreas"]
[Result "1/2-1/2"]
[WhiteElo "2191"]
[BlackElo "2032"]

1. d4 d5 2. c4 c6 3. Nf3 Nf6 4. Qc2 dxc4 5. Qxc4 Bg4 6. Nbd2 Nbd7 7. g3 e6 8.
Bg2 Bd6 9. Qb3 Nb6 10. O-O O-O 11. e4 Bxf3 12. Qxf3 e5 13. dxe5 Bxe5 14. Qe2
Re8 15. Nb3 Qe7 16. f4 Bc7 17. Re1 Na4 18. Bf3 Bb6+ 19. Kg2 Nc5 20. Nxc5 Qxc5
21. Be3 Qb4 22. Bxb6 Qxb6 23. Rad1 Nd5 24. Qf2 Qxf2+ 25. Kxf2 Nb6 26. Rd3 Rad8
27. Red1 Rxd3 28. Rxd3 Na4 29. e5 f6 30. exf6 gxf6 31. b4 Nb6 32. b5 cxb5 33.
Bxb7 Re7 34. Ba6 Rc7 35. a3 Rc2+ 36. Kf3 Rxh2 37. Bxb5 h5 38. Ke4 h4 39. gxh4
Rxh4 40. a4 Rh5 41. Rb3 Rc5 42. a5 Nc8 43. Kd4 Rc7 44. Kd5 Kf7 45. Rh3 Kg6 46.
Bd3+ f5 47. Ke6 Re7+ 48. Kd5 Rd7+ 49. Kc6 Rd4 50. Kb7 Ne7 51. Kxa7 Nc6+ 52. Kb6
Nxa5 53. Rg3+ Kf6 54. Kxa5 Rxf4 55. Kb5 Rg4 56. Rf3 f4 57. Kc5 Ke5 58. Rf1 Rg3
59. Kc4 Re3 60. Kc3 f3 61. Kd2 Kf4 62. Bb5 Re6 63. Bc4
1/2-1/2

[Event "Vestlandsserien avd. nord 2018-19"]
[Site "Hordaland/Sogn og Fjordane"]
[Date "2018.11.04"]
[Round "2"]
[White "Ohnstad, Per"]
[Black "Johannessen, Heine N"]
[Result "0-1"]
[WhiteElo "1813"]
[BlackElo "1623"]

1. c4 Nf6 2. Nc3 d5 3. g3 e6 4. Bg2 Be7 5. cxd5 exd5 6. Nf3 O-O 7. O-O Nc6 8. d3
Be6 9. Ng5 Qd7 10. Nxe6 fxe6 11. Bd2 Nd8 12. Rc1 c6 13. a3 e5 14. f4 exf4 15.
Bxf4 Bd6 16. Bxd6 Qxd6 17. Qb3 Qc5+ 18. Kh1 Qb6 19. Qxb6 axb6 20. Rf3 Ne6 21.
Rcf1 Rae8 22. Bh3 Ng5 23. Bg2 Nxf3 24. Bxf3 Ng4 25. b3 Ne5 26. Kg2 Nxf3 27.
Rxf3 Rxf3 28. Kxf3 Ra8 29. a4 Rf8+ 30. Ke3 Kf7 31. d4 Ke6 32. Nb1 Rf1 33. Nd2
Rh1 34. Nf3 Rb1 35. Nd2 Rc1 36. h3 h6 37. h4 Kf5 38. Kf3 h5 39. e4+ dxe4+ 40.
Nxe4 Rf1+ 41. Ke2 Kxe4 42. Kxf1 Kxd4 43. Ke2 Kc3 44. Kf3 Kxb3 45. g4 c5 46.
gxh5 c4
0-1

[Event "Vestlandsserien avd. nord 2018-19"]
[Site "Hordaland/Sogn og Fjordane"]
[Date "2018.11.04"]
[Round "2"]
[White "Sætre, Roger"]
[Black "Madsen, Morten L"]
[Result "0-1"]
[WhiteElo "1881"]
[BlackElo "1850"]

1. d4 Nf6 2. Nf3 c5 3. c3 e6 4. Bg5 d5 5. Nbd2 cxd4 6. Nxd4 Be7 7. Qc2 O-O 8. e4
Nc6 9. Nxc6 bxc6 10. Bd3 h6 11. Bh4 Bb7 12. O-O g5 13. Bg3 Nh5 14. Rad1 Qb6 15.
Be2 Nxg3 16. hxg3 Bd6 17. Kh1 Kg7 18. Nc4 Qc7 19. Nxd6 Qxd6 20. c4 Qc5 21. Qc3+
f6 22. b4 Qe7 23. exd5 cxd5 24. c5 Rfc8 25. Rc1 Rab8 26. b5 Rc7 27. c6 Bc8 28.
a4 Qd6 29. a5 e5 30. Qc5 Qxc5 31. Rxc5 d4 32. Bd3 Kf7 33. Rb1 Ke6 34. b6 axb6
35. Rxb6 Ra8 36. Bc4+ Kd6 37. Rd5+ Ke7 38. a6 Be6 39. Rb7 Ra7 40. Rc5 Kd6 41.
Rxc7 Rxc7 42. Ra5 Bxc4 43. a7 Rxa7 44. Rxa7 Kxc6 45. Ra1 Bb3 46. Kg1 d3 47. Kf1
d2 48. Ke2 d1=Q+ 49. Rxd1 Bxd1+ 50. Kxd1 g4 51. Ke2 Kd5 52. Ke3 f5 53. Kd3 Kc5
54. Kc3 Kd5 55. Kd3 f4 56. gxf4 exf4 57. g3 Ke5 58. Kd2 Ke4 59. Ke2 h5 60. gxf4
Kxf4 61. Kf1 Kf3 62. Kg1 h4 63. Kf1 h3 64. Kg1 Ke2 65. f4 gxf3
0-1

[Event "Vestlandsserien avd. nord 2018-19"]
[Site "Hordaland/Sogn og Fjordane"]
[Date "2018.11.04"]
[Round "2"]
[White "Hølleland, Sigve"]
[Black "Rasmussen, Jonas H"]
[Result "1/2-1/2"]
[WhiteElo "2008"]
[BlackElo "1950"]

1. c4 c6 2. d4 d5 3. Nc3 Nf6 4. cxd5 cxd5 5. f3 Nc6 6. e4 dxe4 7. d5 Ne5 8.
fxe4 a6 9. Nf3 Nxf3+ 10. Qxf3 e6 11. Bg5 Be7 12. Rd1 exd5 13. Nxd5 Nxd5 14.
Rxd5 Qc7 15. Bxe7 Qxe7 16. Rd2 O-O 17. Bc4 Re8 18. Bd5 Be6 19. O-O Rad8 20. Kh1
h6 21. h3 Rd6 22. e5 Rxd5 23. Rxd5 Bxd5 24. Qxd5 Qc7 25. Re1 Re6 26. a4 Qc6 27.
Qd8+ Re8 28. Qd1 Re6 29. Qd8+ Qe8 30. Qd5 Qxa4 31. Qxb7 Qb5 32. Qc8+ Qe8 33.
Qxe8+ Rxe8 34. Ra1 Rb8 35. Rxa6 Rxb2 36. e6 fxe6
1/2-1/2

[Event "Vestlandsserien avd. nord 2018-19"]
[Site "Hordaland/Sogn og Fjordane"]
[Date "2018.11.04"]
[Round "2"]
[White "Berstad, Jørund"]
[Black "Eikeland, Erik"]
[Result "1/2-1/2"]
[WhiteElo "1813"]
[BlackElo "2230"]

1. e4 c6 2. d4 d5 3. Nc3 dxe4 4. Nxe4 Bf5 5. Ng3 Bg6 6. N1e2 e6 7. Nf4 Bd6 8. h4
Qc7 9. Nxg6 hxg6 10. Ne4 Bf4 11. g3 Bxc1 12. Qxc1 Nf6 13. Bg2 Nbd7 14. Nxf6+
gxf6 15. Qe3 f5 16. O-O-O O-O-O 17. Kb1 Kb8 18. Rhe1 Nf6 19. Bf3 Nd5 20. Qe5
Qxe5 21. Rxe5 Kc7 22. Bxd5 Rxd5 23. Rxd5 cxd5 24. Re1 f4 25. Kc1 Kd6 26. Kd2 f6
27. Rg1 fxg3 28. fxg3 e5 29. Rf1 Ke6 30. Ke3 e4 31. c4 dxc4 32. Kxe4 f5+ 33.
Kf4 Kd5 34. Kg5 Rg8 35. Re1 Kxd4 36. Re6 b5 37. Rd6+ Ke4 38. Rxg6 Rc8 39. h5 b4
40. h6 c3 41. bxc3 bxc3 42. Re6+ Kd3 43. h7 c2 44. Re1 Rh8 45. Kg6 Kd2 46. Rh1
c1=Q 47. Rxc1 Kxc1 48. Kg7 Rc8 49. Kg6 Kd2 50. Kxf5 Ke3 51. g4 Rh8 52. Kg6 Kf4
53. Kg7 Rb8 54. h8=Q Rxh8 55. Kxh8 Kxg4 56. Kg7 a5 57. a4 Kg5 58. Kf7 Kf5 59.
Ke7 Ke5 60. Kd7 Kd5 61. Ke7 Kc5 62. Ke6 Kb4 63. Kd5 Kxa4 64. Kc4 Ka3 65. Kc3
Ka2 66. Kc2 a4 67. Kc1 Kb3 68. Kb1 a3 69. Ka1 a2
1/2-1/2

[Event "Vestlandsserien avd. nord 2018-19"]
[Site "Hordaland/Sogn og Fjordane"]
[Date "2018.11.04"]
[Round "2"]
[White "Solli, Jarle"]
[Black "Manne, Per Erik"]
[Result "0-1"]
[WhiteElo "1733"]
[BlackElo "2155"]

1. e4 e5 2. Nf3 Nc6 3. d4 exd4 4. Nxd4 Nf6 5. f3 d5 6. Nxc6 bxc6 7. Bg5 Be7 8.
Be2 Qd6 9. O-O dxe4 10. Kh1 Qe5 11. Bh4 O-O 12. Nc3 e3 13. Qe1 Bf5 14. Bg3 Qe6
15. Bd3 Bxd3 16. cxd3 Bd6 17. Ne4 Nd5 18. Nxd6 cxd6 19. Rc1 c5 20. Qe2 f5 21.
f4 Rfe8 22. Rfe1 Rab8 23. a3 Rb3 24. Rc2 h6 25. h4 Nf6 26. Rf1 Qd5 27. Rc3 Rb7
28. Rf3 Ng4 29. Be1 Reb8 30. Rc2 Qf7 31. g3 Qd5 32. Kg2 Rb3 33. Bc3 Qc6 34. d4
c4 35. Kh3 d5 36. Rf1 Re8 37. Qf3 Re4 38. Re2 Qg6 39. Rfe1 Qe6 40. Kg2 a6 41.
Kg1 Rb8 42. Kg2 Re8 43. Rd1 Qg6 44. Rde1 Qb6 45. Rc2 Nf2 46. Ree2 Nd3 47. Qh5
Qe6 48. Qf3 Qg6 49. Kg1 Nxf4 50. Kh2 Nxe2 51. Rxe2 Qe6 52. Kh3 f4+ 53. g4 h5
0-1

[Event "Vestlandsserien avd. nord 2018-19"]
[Site "Hordaland/Sogn og Fjordane"]
[Date "2018.11.04"]
[Round "2"]
[White "Sævareid, Ove"]
[Black "Losnedahl, Halvor"]
[Result "1/2-1/2"]
[WhiteElo "2150"]
[BlackElo "1739"]

1. c4 e5 2. g3 Nc6 3. Nc3 Bc5 4. Nf3 a5 5. Bg2 d6 6. O-O f5 7. e3 Ba7 8. d4 e4
9. Nd2 Nf6 10. f3 exf3 11. Nxf3 O-O 12. d5 Ne5 13. Nxe5 dxe5 14. Kh1 Bd7 15.
Qe2 e4 16. b3 Qe8 17. Ba3 Qg6 18. Bxf8 Rxf8 19. Rae1 Qh6 20. Nd1 Bc5 21. Nf2
Bd6 22. Kg1 Nh5 23. Nh1 g5 24. Qb2 Nf6 25. Nf2 Be8 26. a3 Nd7 27. Qc3 b6 28. b4
axb4 29. axb4 Be5 30. Qd2 Bg7 31. Rc1 Ne5 32. Nxe4 fxe4 33. Rxf8+ Bxf8 34. Bxe4
Bg6 35. Bg2 g4 36. c5 b5 37. d6 cxd6 38. cxd6 Bd3 39. Rc5 Qxd6 40. Rxe5 Qxe5
41. Qxd3 Bxb4 42. Qb3+ Kg7 43. Qxb4 Qxe3+ 44. Kf1 Qd3+ 45. Kf2 Qc2+ 46. Kf1
Qd3+ 47. Kf2
1/2-1/2

[Event "Vestlandsserien avd. nord 2018-19"]
[Site "Hordaland/Sogn og Fjordane"]
[Date "2018.11.04"]
[Round "2"]
[White "Lexander, Harald"]
[Black "Sandal, Eirik"]
[Result "0-1"]
[WhiteElo "1461"]
[BlackElo "2056"]

1. e4 c5 2. Nf3 d6 3. Bb5+ Nd7 4. c3 Ngf6 5. Qe2 a6 6. Ba4 b5 7. Bc2 Bb7 8. O-O
e5 9. d4 Be7 10. dxe5 dxe5 11. Rd1 Qc7 12. Nbd2 O-O 13. Nf1 Rfe8 14. Ng3 c4 15.
Bg5 h6 16. Bxf6 Nxf6 17. a4 Bc5 18. Nh4 Qb6 19. Nhf5 Bc6 20. Nf1 Rad8 21. N1e3
Kf8 22. Qf3 Bb7 23. Qg3 g6 24. Nxh6 Bxe3 25. fxe3 Nxe4 26. Bxe4 Bxe4 27. Rf1 f5
28. Qh3 Rd2 29. Rf2 Rxf2 30. Kxf2 Rd8 31. Nxf5 Bxf5 32. Qh8+ Kf7 33. Qxe5 Rd2+
34. Kf3 Qc6+ 35. Kf4 Rxg2 36. Rd1 Rg4#
0-1

[Event "Vestlandsserien avd. nord 2018-19"]
[Site "Hordaland/Sogn og Fjordane"]
[Date "2018.11.04"]
[Round "3"]
[White "Hersvik, Daniel"]
[Black "Solli, Jarle"]
[Result "1-0"]
[WhiteElo "2213"]
[BlackElo "1733"]

1. e4 e6 2. d3 c5 3. Nd2 Nc6 4. g3 Be7 5. Bg2 d5 6. Ngf3 d4 7. O-O e5 8. Nc4
Qc7 9. a4 Be6 10. b3 Nf6 11. Ng5 Bxc4 12. bxc4 h6 13. Nh3 O-O 14. f4 Nh7 15.
fxe5 Nxe5 16. Nf4 Nf6 17. Nd5 Nxd5 18. cxd5 Bd6 19. Bb2 Qa5 20. Qe1 Qxe1 21.
Rfxe1 a6 22. a5 Rab8 23. Ra2 b5 24. axb6 Rxb6 25. Rea1 Ra8 26. Bf1 a5 27. Bc1
Rba6 28. Ra4 g5 29. Be2 Kg7 30. Rb1 Rb8 31. Rxb8 Bxb8 32. Bd2 Bc7 33. c3 Rb6
34. cxd4 Rb2 35. dxe5 Bxe5 36. Be3 Rxe2 37. Bxc5 Bc3 38. d6 Rb2 39. d7 Rb8 40.
Be7 Bf6 41. d8=Q Rxd8 42. Bxd8 Bxd8 43. g4 Kf8 44. Kf2 Ke7 45. Ke3 Bb6+ 46. d4
Kd7 47. Rc4 Bc7 48. h3 Kc8 49. e5 Kb7 50. Ke4 Kb6 51. d5 Bd8 52. d6 Kb5 53. Rc8
Bb6 54. d7
1-0

[Event "Vestlandsserien avd. nord 2018-19"]
[Site "Hordaland/Sogn og Fjordane"]
[Date "2018.11.04"]
[Round "3"]
[White "Losnedahl, Halvor"]
[Black "Fossan, Andreas"]
[Result "0-1"]
[WhiteElo "1739"]
[BlackElo "2032"]

1. e4 e6 2. Nc3 d5 3. a3 Nf6 4. e5 Nfd7 5. f4 c5 6. Nf3 Nc6 7. Be2 Be7 8. O-O
O-O 9. b3 f6 10. exf6 Bxf6 11. g3 d4 12. Bc4 dxc3 13. Bxe6+ Kh8 14. d3 Nd4 15.
Bh3 Nb6 16. Bg2 Nxb3 17. Rb1 Nd4 18. Ng5 Nf5 19. Qh5 Nh6 20. Nxh7 Bg4 21. Qg6
Bf5 22. Nxf8 Qxf8 23. Qh5 Qe8 24. Qf3 Bd4+ 25. Kh1 Bg4 26. Qxb7 Nf5 27. Bf3
Nxg3+ 28. Kg2 Nxf1 29. Bxg4 Nd2 30. Rxb6 axb6 31. Bxd2 cxd2 32. Qf3 g6 33. Qh3+
Kg7 34. f5 Qc6+ 35. Bf3 Rh8 36. Qg4 d1=Q
0-1

[Event "Vestlandsserien avd. nord 2018-19"]
[Site "Hordaland/Sogn og Fjordane"]
[Date "2018.11.04"]
[Round "3"]
[White "Sætre, Mathias"]
[Black "Sviland, Atle"]
[Result "1-0"]
[WhiteElo "1898"]
[BlackElo "1780"]

1. e4 e6 2. d4 d5 3. exd5 exd5 4. Bd3 Nf6 5. Nc3 Be7 6. Nge2 c6 7. Bg5 O-O 8.
Qd2 Ne4 9. Nxe4 dxe4 10. Bxe7 Qxe7 11. Bc4 Bf5 12. O-O Nd7 13. Rae1 Nb6 14. Bb3
Bg6 15. Nf4 Rad8 16. f3 Bf5 17. fxe4 Bxe4 18. Re2 Nd5 19. c4 Nxf4 20. Rxf4 f5
21. Qa5 Rxd4 22. Rxf5 Rxf5 23. Qxf5 Bxf5 24. Rxe7 Rd7 25. Re2 c5 26. Re5 g6 27.
Rxc5 Rd2 28. Re5 Kf8 29. c5 Rxb2 30. h3 h5 31. Kh2 Rd2 32. Kg3 Rd7 33. Kf4 Rd4+
34. Kg5 Rd2 35. Bd5 Rc2 36. Bxb7 Rxa2 37. Kf6 Rf2 38. Kg5 Rc2 39. Kf6 Rf2 40.
Kg5 Rc2 41. g4 hxg4 42. hxg4 Bd7 43. Kxg6 Bxg4 44. Bc6
1-0

[Event "Vestlandsserien avd. nord 2018-19"]
[Site "Hordaland/Sogn og Fjordane"]
[Date "2018.11.04"]
[Round "3"]
[White "Rasmussen, Jonas H"]
[Black "Riisem, Øyvind"]
[Result "1-0"]
[WhiteElo "1950"]
[BlackElo "2240"]

1. d4 c5 2. d5 e5 3. e4 d6 4. Nf3 Nf6 5. Bd3 Be7 6. O-O Nbd7 7. c4 Nf8 8. Nc3
Ng6 9. Ne2 Nh5 10. h3 O-O 11. Be3 a6 12. Qc2 Rb8 13. a4 Bd7 14. Rfb1 a5 15. b3
Qc8 16. Kh2 Ra8 17. Rf1 Ra6 18. Rae1 h6 19. Bd2 Bf6 20. Rg1 Nhf4 21. Nxf4 Nxf4
22. Bxf4 exf4 23. e5 dxe5 24. Nxe5 Rb6 25. Nxd7 Qxd7 26. Bf5 Qd6 27. Rb1 Bd4
28. Rge1 Qf6 29. Be4 Qh4 30. Re2 Rd8 31. Rbe1 Kf8 32. Bf3 g6 33. Kg1 Rdd6 34.
Re4 Qf6 35. Rb1 Rb4 36. Qd2 g5 37. Qd3 Qg6 38. Rbe1 Kg7 39. Bd1 h5 40. Bc2 g4
41. hxg4 hxg4 42. Rxf4 g3 43. Qxg6+ fxg6 44. Re7+ Kh6 45. Rff7 gxf2+ 46. Kf1 b5
47. Re6 Rxe6 48. dxe6 bxc4 49. e7 cxb3 50. e8=Q bxc2 51. Qf8+ Kg5 52. Qe7+ Kh5
53. Rh7+ Kg4 54. Rh4+ Kf5 55. Qe4+ Kf6 56. Rf4+ Kg7 57. Qe7+
1-0

[Event "Vestlandsserien avd. nord 2018-19"]
[Site "Hordaland/Sogn og Fjordane"]
[Date "2018.11.04"]
[Round "3"]
[White "Schindler, Dirk Steffen"]
[Black "Brattetveit, Kenneth"]
[Result "1-0"]
[WhiteElo "2039"]
[BlackElo "1869"]

1. e4 e6 2. d4 d5 3. e5 c5 4. c3 Nc6 5. Nf3 Qb6 6. a3 cxd4 7. cxd4 f6 8. b4
fxe5 9. dxe5 g6 10. Bd3 Bg7 11. Bb2 Nge7 12. O-O O-O 13. Nbd2 a6 14. Nb3 Nf5
15. Rc1 Qd8 16. Qe2 Nh4 17. Nxh4 Qxh4 18. g3 Qe7 19. f4 Bd7 20. h4 Be8 21. Rc2
Bf7 22. Rfc1 Rfc8 23. Qg4 Na7 24. Nc5 Rc6 25. Qg5 Qc7 26. h5 h6 27. Qh4 gxh5
28. g4 Rc8 29. gxh5 Kh8 30. Qh3 Rg8 31. Kh1 Qe7 32. Rg2 b6 33. Nb3 Rxc1+ 34.
Bxc1 Qe8 35. Bb2 Qa4 36. Bc2 Bf8 37. f5 Rxg2 38. Kxg2 Qc6 39. Nd4 Qe8 40. fxe6
Bxh5 41. Qf5 Qe7 42. Qxh5 Nb5 43. Nxb5 axb5 44. Qf7 Qg5+ 45. Kf3 Qg7 46. Bd3 h5
47. Qxh5+ Kg8 48. Qg4 Be7 49. Qxg7+ Kxg7 50. Kg4 Bd8 51. Bxb5 Kf8 52. Bc6 Ke7
53. Bxd5 Bc7 54. Kf5 Bd8 55. Bc1 b5 56. Bg5+ Ke8 57. Bc6+ Kf8 58. Bxd8
1-0